| 000 | 00751nam a2200217Ii 4500 | ||
|---|---|---|---|
| 003 | JO-AjNU | ||
| 008 | 230605s9999||||xx |||||||||||||| ||und|| | ||
| 017 | _a1990/1055 | ||
| 040 |
_aJO-AjNU _bara _erda _cJO-AjNU |
||
| 041 | _aara | ||
| 050 | 1 | 4 | _aPJ8410.N3388 1990 |
| 100 | 3 |
_aتأليف محمود،نافع, _eauthor _916432 |
|
| 245 | 0 | 0 | _aإتجاهات الشعر الأندلسي إلى نهاية القرن الثالث الهجري |
| 250 | _aط1 | ||
| 264 | 3 | 1 | _aبغداد: دار الشؤون الثقافية، 1990 |
| 300 | _a290ص | ||
| 336 |
_atext _btxt _2rdacontent |
||
| 337 |
_aunmediated _bn _2rdamedia |
||
| 338 |
_avolume _bnc _2rdacarrier |
||
| 650 | 4 |
_aالشعر العربي - تحليل ونقد - الأندلس _916433 |
|
| 999 |
_aA4866 _c8434 _d8434 |
||